Guess the 5 boroughs of New York by their flags - Statistics

General Stats
  • This quiz has been taken 28 times
  • The average score is 4 of 6
Answer Stats
Picture Answer % Correct
Queens
68%
Staten Island
68%
The Bronx
68%
Manhattan
63%
Brooklyn
58%
New York City
42%
No matching quizzes found
Score Distribution
Percent of People with Each Score
Percentile by Number Answered
Your Score History
You have not taken this quiz